01010cam a22002775a 45000010009000000050017000090080041000260200018000670400033000850820020001181000032001382450049001702500032002192600043002513000036002945000024003305000053003546300026004076500055004336510010004886530020004986550024005189420020005429990017005629520153005791741382820150524110433.0120802t2012 caua fr 001 0 eng d a9781449311520 aDLCbengcDLCdDLCdEG-ScBUE04a005.74bWHI2221 aWhite, Tomq(Tom E.)93806210aHadoop :bthe definitive guide /cTom White. a3rd ed., Revised & Updated. aCalifornia :bO'Reilly Media,cc.2012. axxiii, 657 p. :bill. ;c24 cm. aIndex : p. 629-657. a"Storage and analysis at Internet scale"--Cover.00aApache Hadoop.2BUEsh 0aFile organization (Computer science)2BUEsh912123 2BUEsh bCOMSCIcMay2015 vreading book934232 2ddck005.74 WHI c19403d19375 00102ddc40708BaccahaMAINbMAINcLOWd2015-05-21epurchaseg270.00h22353l1o005.74 WHIp000038281r2025-07-15 00:00:00s2024-02-07v337.00yBB